Jaki to kraj? - mapa! - Statystyki

Ogólne statystyki
  • Ten quiz został rozwiązany 218 razy
  • Średni wynik to 13 z 26
Odpowiedzi na mapie
Odpowiedzi zakodowano w zielono-czerwonej skali na mapie do tego quizu, zgodnie z poniższymi procentami.
 
Statystyki odpowiedzi
Odpowiedź % Poprawnych
Polska
84%
Malta
66%
Norwegia
63%
Islandia
62%
Egipt
61%
Kanada
61%
Francja
59%
Turcja
57%
Nowa Zelandia
56%
Szwecja
56%
Peru
55%
Sri Lanka
55%
Haiti
54%
Afganistan
53%
Irak
53%
Papua-Nowa Gwinea
53%
Lesotho
48%
Tunezja
47%
Tanzania
43%
Erytrea
41%
Angola
39%
Rwanda
38%
Saint Lucia
38%
Gabon
37%
Sierra Leone
36%
Gambia
22%
Nie znaleziono quizów pasujących do podanych kryteriów
Rozkład punktacji
Procent ludzi z każdym wynikiem
Percentyl według liczby udzielonych odpowiedzi
Twoja historia wyników
Nie rozwiązałeś tego quizu